000 nam a22 7a 4500
999 _c10642
_d10642
008 180220b ||||| |||| 00| 0 eng d
100 _aGoyal
_96527
245 _aSocial Studies-III
260 _aNew Delhi
_bGoyal